000 00476nam a2200193Ia 4500
003 OSt
005 20221007082824.0
006 a|||||r|||| 00| 0
007 ta
008 221006b |||||||| |||| 00| 0 eng d
024 _a29,481
037 _cDissertations
040 _aFLL
_cFLL
_beng
041 _2eng
_aeng
100 _aShah Shalini
245 0 _aLegal aspects of sustainable development
942 _cDIS
_2CC
999 _c1167851
_d1167851